| 000 | 00865nam a2200217 a 4500 | ||
|---|---|---|---|
| 001 | 000044885 | ||
| 005 | 20201002045714.0 | ||
| 008 | 150115s2014 dr r 000 p spa d | ||
| 020 | _a9789945492361 | ||
| 040 |
_aDO-SdBNP _bspa _cBNPHU |
||
| 082 |
_aRD861.5 _bM425i |
||
| 245 | 0 | 0 |
_aMaterial inflamable : _b(30 poetas dominicanos del siglo XXI) / _cselección e introducción Luis Reynaldo Pérez. |
| 246 | 1 | 0 |
_aMaterial inflamable : _b(treinta poetas dominicanos del siglo XXl) |
| 260 |
_aSanto Domingo : _bNacional, _c2014. |
||
| 300 |
_a138 p. ; _c23 cm. |
||
| 590 | _aInventariado, 2018/BT | ||
| 650 | 4 |
_aPoesía dominicana _zRepública Dominicana _ySIGLO XXI _vCOLECCIONES _972895 |
|
| 650 | 4 |
_aLiteratura dominicana _zRepública Dominicana _ySIGLO XXI _vCOLECCIONES _972896 |
|
| 700 | 1 | 2 |
_aPérez, Luis Reynaldo _972897 |
| 910 | _aValidado. Control de calidad. MFF | ||
| 999 |
_c44374 _d44374 |
||